000 00353nam a2200133Ia 4500
008 240624s9999 xx 000 0 und d
041 _aeng
082 _a338.2 WEN
100 _aWENAR LEIF
245 _aBLOOD OIL TYRANTS VIOLENCE AND THE RULES
260 _c2016
_aNew York
_bOxford University Press
300 _aliii, 494 p.; 23 cm.
365 _c
_b33
999 _c32129
_d32129